000 00829nam a2200193Ia 4500
999 _c39330
_d39330
001 5916
003 GE_BSU
005 20190821094229.0
008 181216s1975||||ge |||||||||||||| ||geo||
040 _cGE_BSU
041 _ageo
080 _a821.353.1-311.6 ა-13
100 _aაბაშიძე, გრიგოლ
_91383
245 _aცოტნე ანუ ქართველთა დაცემა და ამაღლება XIII საუკუნის ქრონიკა :
_b[რომანი] /
_cგრიგოლ აბაშიძე.
264 _aთბილისი :
_bნაკადული ;
_c1975.
300 _a445 გვ. ;
_c20 სმ.
653 _aცოტნე ანუ ქართველთა დაცემა და ამაღლება
942 _cBK
_2udc